| 000 | 00324nam a22001217a 4500 | ||
|---|---|---|---|
| 008 | 230627b xxu||||| |||| 00| 0 eng d | ||
| 020 | _a9210480937 | ||
| 082 |
_a338.4 _bINC 2004 |
||
| 245 | _a2003 Narcotic Drugs Stupefiants Estupefacientes | ||
| 260 |
_aNew York _bUnited Nations _c2004 |
||
| 300 | _aV,338p | ||
| 942 |
_2ddc _cBK |
||
| 999 |
_c2798 _d2798 |
||